000 00978nas a2200313 4500
001 BR2011004039
003 BR-BrBNA
005 20231205115459.0
007 ta
008 230509b bl.|||p| |||| 00| 00por d
040 _aBR-BrBNA
_bpor
_cBiblioteca Nacional de Agricultura
041 _a(Pt)
072 _aF62
100 1 _aAlves, E.O.
100 1 _aMota, J.H.
100 1 _aSoares, T.S.
100 1 _aVieira, M. do C.
245 1 _aCrescimento e distribuição espacial de croton urucurana baill. em Dourados-MS
246 1 _aGrowth and spatial distribution of croton urucurana baill. (sangra-d'água)in Dourados-MS
650 _aCROTON
650 _aPLANTA MEDICINAL
650 _aCRESCIMENTO
650 _aMÉTODO
650 _aAMOSTRAGEM
650 _aMATO GROSSO DO SUL
773 0 _tRevista Caatinga (Brazil)
_xISSN 0100-316X
_g(Apr-Jun 2009), v. 22(2) p. 102-107
_wBR2011004039
909 _a202311
_bLúcia
_c55
_dLúcia Elande
942 _2AGRIS
_n0
_cANA
999 _c214033
_d214033